Can you name every electric type Pokémon? Version I - Statistics

General Stats
  • This quiz has been taken 17 times
  • The average score is 55 of 74
Answer Stats
Pokédex Number Types Pokémon % Correct
#026 Electric/Psychic Alolan Raichu
100%
#025 Electric Partner Pikachu
100%
#172 Electric Pichu
100%
#025 Electric Pikachu
100%
#026 Electric Raichu
100%
#074 Rock/Electric Alolan Geodude
94%
#076 Rock/Electric Alolan Golem
94%
#075 Rock/Electric Alolan Graveler
94%
#125 Electric Electabuzz
88%
#101 Electric Electrode
88%
#100 Electric Voltorb
88%
#145 Electric/Flying Zapdos
88%
#170 Water/Electric Chinchou
81%
#239 Electric Elekid
81%
#479 Electric/Flying Fan Rotom
81%
#479 Electric/Ice Frost Rotom
81%
#479 Electric/Fire Heat Rotom
81%
#171 Water/Electric Lanturn
81%
#081 Electric/Steel Magnemite
81%
#082 Electric/Steel Magneton
81%
#479 Electric/Grass Mow Rotom
81%
#479 Electric/Ghost Rotom
81%
#738 Bug/Electric Vikavolt
81%
#479 Electric/Water Wash Rotom
81%
#493 Electric Arceus (Zap Plate)
75%
#604 Electric Eelektross
75%
#466 Electric Electivire
75%
#587 Electric/Flying Emolga
75%
#180 Electric Flaaffy
75%
#596 Bug/Electric Galvantula
75%
#135 Electric Jolteon
75%
#462 Electric/Steel Magnezone
75%
#179 Electric Mareep
75%
#312 Electric Minun
75%
#311 Electric Plusle
75%
#618 Ground/Electric Stunfisk
75%
#848 Electric/Poison Toxel
75%
#849 Electric/Poison Toxtricity (Amped Form)
75%
#849 Electric/Poison Toxtricity (Low Key Form)
75%
#602 Electric Tynamo
75%
#181 Electric Ampharos
69%
#881 Electric/Ice Arctozolt
69%
#836 Electric Boltund
69%
#737 Bug/Electric Charjabug
69%
#880 Electric/Dragon Dracozolt
69%
#309 Electric Electrike
69%
#595 Bug/Electric Joltik
69%
#404 Electric Luxio
69%
#405 Electric Luxray
69%
#310 Electric Manectric
69%
#181 Electric/Dragon Mega Ampharos
69%
#310 Electric Mega Manectric
69%
#417 Electric Pachirisu
69%
#403 Electric Shinx
69%
#835 Electric Yamper
69%
#807 Electric Zeraora
69%
#702 Electric/Fairy Dedenne
63%
#603 Electric Eelektrik
63%
#877 Electric/Dark Morpeko (Full belly Mode)
63%
#877 Electric/Dark Morpeko (Hangry Mode)
63%
#243 Electric Raikou
63%
#773 Electric Silvally (Electric Memory)
63%
#785 Electric/Fairy Tapu Koko
63%
#777 Electric/Steel Togedemaru
63%
#796 Electric Xurkitree
63%
#523 Electric Zebstrika
63%
#644 Dragon/Electric Zekrom
63%
#522 Electric Blitzle
56%
#695 Electric/Normal Heliolisk
56%
#694 Electric/Normal Helioptile
56%
#642 Electric/Flying Thundurus (Incarnate Forme)
56%
#642 Electric/Flying Thundurus (Therian Forme)
56%
#741 Electric/Flying Oricorio (Pom-Pom Style)
50%
#871 Electric Pincurchin
44%
No matching quizzes found
Score Distribution
Percent of People with Each Score
Percentile by Number Answered
Your Score History
You have not taken this quiz